000 00548nam a2200181Ia 4500
003 IN-BaIIA
008 211028s9999 xx 000 0 eng d
040 _cIIA Library
080 _a059:52
_bD-2010
110 _aIndia Meteorological Department
245 4 _athe indian astronomical ephemeris for the year 2010 [with CD]
_cIndia Meteorological Department
260 _aNew Delhi
_bIndia Meteorological Department
_c2010
300 _aiv, 481p.
650 _aAlmanac
_910635
650 _aEphemeris
650 _aindian ephemeris
942 _cBK
999 _c17551
_d17551